| 000 | 00361nam a2200145Ia 4500 | ||
|---|---|---|---|
| 008 | 230524s9999 xx 000 0 und d | ||
| 082 |
_a5.74 _bDES |
||
| 100 | _aBipin Ch.Desai | ||
| 245 | 3 | _aAn Introduction to Data base System | |
| 260 |
_aNEW DELHI _bGalgotia _c2005 |
||
| 300 | _aXIV;820 | ||
| 500 | _aQuantity Number: 86 | ||
| 650 | _aComp-Sc | ||
| 942 | _cBK | ||
| 999 |
_c3904 _d3904 |
||